000 00438nam a2200181Ia 4500
008 210210b1941 xxu||||| |||| 00| 0 eng d
041 _aeng
082 _a383/86
100 _aGREGG (John Robert)
245 _aFiling procedure and equipment
260 _aNew York
_bGregg Publishing Division,
_c1941
300 _a44
650 _aprocedure
650 _aFiling
650 _aequipment
690 _aManagement
906 _a005282
999 _c125273
_d125273